Click European Communist Nations on a Map - Statistics

General Stats
  • This quiz has been taken 287 times
  • The average score is 21 of 22
Answers on the Map
Answers color-coded by a green-red scale on the quiz's map according to % correct below.
 
Answer Stats
Country % Correct
Russia
100%
Belarus
99%
Ukraine
99%
Bulgaria
98%
Estonia
98%
Latvia
98%
Lithuania
98%
Moldova
98%
Romania
98%
Serbia
98%
Hungary
97%
North Macedonia
97%
Poland
97%
Slovakia
97%
Bosnia and Herzegovina
96%
Croatia
96%
Czech Republic
96%
Kosovo
96%
Albania
95%
Montenegro
95%
Slovenia
93%
Germany
78%
No matching quizzes found
Score Distribution
Percent of People with Each Score
Percentile by Number Answered
Your Score History
You have not taken this quiz